000 00650nam a2200253Ia 4500
005 20260121161306.0
008 008 260114s9999 xx 000 0 eng d
020 _a9781003485704
037 _aEBOOK
040 _aCRL
040 _beng
040 _cCRL
041 _2eng
041 _aeng
084 _qCRL
100 _aBidhan Kanti Das; Gorky Chakraborty; Abhijit Guha
_91042580
245 0 _aKnowledge, Power and Ignorance:The Indian Context
260 _bTaylor and Francis
260 _c2024
856 _uhttp://www.taylorfrancis.com/books/9781003485704
942 _cEBOOK
999 _c1609396
_d1609396